| 000 | 00522nam a22001697a 4500 | ||
|---|---|---|---|
| 003 | OSt | ||
| 005 | 20260504064219.0 | ||
| 008 | 260504b |||||||| |||| 00| 0 eng d | ||
| 020 | _a978044024518 | ||
| 040 |
_aDWCL Main Lib. _cOC |
||
| 082 | _aF S813p 2015 | ||
| 100 |
_aSteel, Danielle _eAuthor |
||
| 245 |
_aProdigal son : _ba novel / _cDanielle Steel |
||
| 260 |
_aUnited States : _bDell, an imprint of Random House, a division of Penguin Random House, _cc2015 |
||
| 300 |
_a398 pages ; _c18cm. |
||
| 942 |
_2ddc _cFIC. _n0 |
||
| 999 |
_c10208 _d10208 |
||